IPL Quiz - Statistics

General Stats
  • This quiz has been taken 180 times
  • The average score is 6 of 15
Answer Stats
Question Answer % Correct
Which player holds the record for the fastest fifty in IPL? K. L. Rahul
84%
.Which two teams made their IPL debuts in 2011? Kochi Tuskers Kerala and Pune Warriors India
84%
Which team picked up Australia all-rounder Marnus Labuschagne during the mini-auction ahead of IPL 2021? He went unsold
77%
Which Indian player has scored the fastest hundred in the IPL? Yusuf Pathan
53%
Which player is the oldest to win the Purple Cap, which is given to the highest wicket-taker in the tournament? Imran Tahir
47%
.Which season had the most number of hat-tricks? 2008 & 20017
44%
Who was the captain of the Mumbai Indians in IPL 2012? Rohit Sharma
33%
.Which Australian has the best bowling figures in the IPL? Adam Zampa
30%
.Name the two most expensive buys among Indian batsmen at the IPL 2021 auction. Cheteshwar Pujara and Karun Nair
30%
.Who has the highest all-time batting average (having featured in a minimum of 10 matches)? KL Rahul
30%
Which among these players has the joint-most ducks in IPL history alongside Harbhajan Singh? Parthiv Patel
23%
.Who was the first cricketer to be sold at the IPL 2021 auction? Steve Smith
23%
.Which player has never captained Pune Warriors India? Michael Clarke
16%
.Which venue hosted the IPL 2014 final? M. Chinnaswamy Stadium, Bengaluru
14%
.Who was the first overseas player to captain Delhi Capitals James Hopes
7%
No matching quizzes found
Score Distribution
Percent of People with Each Score
Percentile by Number Answered
Your Score History
You have not taken this quiz